| 000 | 01322nam0a2200337 4500 | ||
|---|---|---|---|
| 001 | RU\NLR\bibl\1415264 | ||
| 005 | 20250615212609.0 | ||
| 010 |
_a5-225-03385-7 _91000 |
||
| 021 |
_aRU _b2009-57870 _93570 |
||
| 035 | _a(NLR Aleph) 001407232 | ||
| 090 |
_a1259728 _c1259728 |
||
| 100 | _a20090813d2009 |||y0rusy50 ca | ||
| 101 | 0 | _arus | |
| 102 | _aRU | ||
| 105 | _aa ||||||||| | ||
| 200 | 1 |
_aНейрореаниматология _eинтенсивная терапия черепно-мозговой травмы _fС.В. Царенко |
|
| 205 | _aИзд. 3-е, испр. и доп. | ||
| 210 |
_aМосква _cМедицина _d2009 |
||
| 215 |
_a382, [1] с. _cил. _d22 |
||
| 300 | _aНа 3-й с. авт.: Царенко С.В. - д.м.н. | ||
| 320 | _aБиблиогр.в конце кн. (211 назв.) | ||
| 606 | 1 |
_aЧерепно-мозговые травмы _xИнтенсивная терапия _91168752 _3RU\NLR\auth\66468767 |
|
| 606 | 1 |
_aНейрореаниматология _92277518 _3RU\NLR\auth\661364736 |
|
| 686 | _aР638.77-5,3 | ||
| 700 | 1 |
_aЦаренко _bС. В. _gСергей Васильевич _4070 |
|
| 801 | 0 |
_aRU _bЦНМБ _c20090813 _gPSBO |
|
| 801 | 1 |
_aRU _bЦНМБ _c20090813 |
|
| 801 | 2 |
_aRU _bNLR _c20090922 _grcr |
|
| 942 | _cBOOK | ||
| 980 | _aNB | ||